Statistiques concernant Clubs de football d'Europe de l'est à leurs pays

Cliquez ici pour prendre le quiz!

Statistiques générales

  • Ce quiz a été pris 148 fois
    (134 depuis la dernière actualisation)
  • Le résultat moyen est 14 sur 20

Statistiques - réponses

HintRéponse% Correct
OlympiacosGrèce
92%
PanathinaïkosGrèce
91%
Zenith ......Russie
91%
CSKA ......Russie
88%
Shakhtar ......Ukraine
87%
Spartak ......Russie
84%
Etoile rouge de ......Serbie
77%
Slavia ......République Tchèque
76%
Legia ......Pologne
75%
APOEL ......Chypre
73%
Steaua ......Roumanie
67%
Rubin ......Russie
67%
Partizan ......Serbie
67%
FerencvarosHongrie
63%
Sheriff ......Moldavie
58%
Slovan ......Slovaquie
55%
Ludogorets ......Bulgarie
51%
NK MariborSlovénie
47%
Bate BorisovBiélorussie
46%
LarnacaChypre
46%

Distribution des résultats

Percentile par nombre de réponses

% des personnes avec chaque résultat

Votre développement - résultats

Vous n’avez pas pris ce quiz depuis la dernière actualisation